000 00608nam a2200253 a 4500
001 nice12345678
003 IN_TiNIC
005 20260116013624.0
008 050524s1994 dela grp 000 0 eng
020 _a
_c250
082 0 0 _a305.8
_bABD
100 _aAbdul Aziz,
245 _aPoverty Aleviation in India
260 _aDelhi
_bAshish Publishing House
_c1994
300 _a173p
500 _aincludes index and biblioraphy
505 2 _aIndex
650 _aDevelopment-India
650 _aEconomics-India
700 1 _aAbdul Aziz,
902 _bSRS
942 _cBK
999 _c11697
_d11697